000 00504nam a22001932 4500
001 0000002889
005 20170406114601.0
008 140417s xx 000 0 eng d
020 _c$
040 _aYour Holding Symbol
_cYour Holding Symbol
100 1 _aChomsky Naom.
245 1 0 _aSyntactic structures.
250 _a ed.
260 _aMoton :
_bGravenhage,
_c1962.
300 _a118 p. ;
_c cm.
504 _abibliography.
650 0 _aenglish liguistic.
908 _a140417
999 _c2773
_d2773